| 000 | 02746nkm a22003017a 4500 | ||
|---|---|---|---|
| 001 | 85799 | ||
| 005 | 20260420102100.0 | ||
| 007 | kh boc | ||
| 008 | 260414s1870 sp ||||| |||| |0| i|spa d | ||
| 040 |
_aM-RABA _bspa _cM-RABA |
||
| 100 | 1 |
_aAlguacil, Casiano, _d(1832-1914) _9111665 |
|
| 245 | 1 | 1 |
_a[Sepulcro del Arzobispo Juan Martinez Siliceo] _c/ Casiano Alguacil _h[Material gráfico] |
| 260 |
_aToledo _b: Casiano Alguacil _c[ca. 1870] |
||
| 300 |
_a1 fotografía _b: albúmina _c; imagen 15 x 21 cm _c; soporte secundario 24 x 33,5 cm |
||
| 500 | 0 | 0 | _aFotografía sobre el Sepulcro del Arzobispo de Juan Martinez Siliceo, del autor Ricardo Bellver y Ramón (1890), ubicado en la capilla del Real Colegio de Doncellas Nobles en Toledo. Pertenece a la serie fotográfica de "Monumentos Artísticos de España" de Casiano Alguacil, indicado en el soporte secundario |
| 500 | 0 | 0 | _aMención de responsabilidad impresa en el soporte secundario, a la izquierda: "C. Alguacil" y a la derecha "Toledo". |
| 500 | 0 | 0 | _aDedicatoria manuscrita a tinta al recto: "Al Ilmo. Sr. Don Enrique Serrano Fatigati, su afmo amigo y compañero Ricardo Bellver". |
| 500 | 0 | 0 | _aAnotación manuscrita a tinta al verso: "Sepulcro en mármol del Arzobispo Juan Martinez Siliceo existente en la capilla del Colegio de Doncellas de Toledo. Las cuatro estatuas de loa ángulos de la urna sepultural representan las cuatro Virtudes Cardinales. El bajo relieve que se ve en esta fotografía representa el momento de recibir el título y nombramiento de preceptor del entonces niño Don Felipe II. El relieve del otro costado representa el reparto de premios a las educandas por el fundador Siliceo. En el testero hay un relieve representando la caridad, y en el opuesto el escudo cardenalicio. La escocia de la tapa está decorada con colgantes de siemprevivas, adormideras y margaritas enlazadas con medallones en los que están esculpidos atributos cristianos. Los pies de la estatua apoyan en mi cartela donde está grabada la inscripción dedicatoria". |
| 500 | 0 | 0 | _aFecha tomada del periodo de actividad de fotógrafo en Toledo en su serie Monumentos artísticos de España. |
| 600 | 1 | 7 |
_aBellver y Ramón, Ricardo ( _d1845-1924) _96485 |
| 610 | 1 | 0 |
_aColegio de las Doncellas Nobles de Toledo _9111676 |
| 651 | 7 |
_aToledo (España) _975550 |
|
| 655 | 0 |
_aFotografías de monumentos _9111580 |
|
| 852 | _jFot-639 | ||
| 856 |
_uhttps://archivoybiblioteca.realacademiabellasartessanfernando.com/cgi-bin/koha/opac-retrieve-file.pl?id=f6c3edc3639803e07879b7e60b5bd6f2 _yFot-639r |
||
| 856 |
_uhttps://archivoybiblioteca.realacademiabellasartessanfernando.com/cgi-bin/koha/opac-retrieve-file.pl?id=0acea2fbd858a74b26238f157358facf _yFot-639v |
||
| 942 |
_cFOTOGRAFÍA _n0 |
||
| 999 |
_c85799 _d85799 |
||